000 00835nam a2200229 i 4500
001 51653
003 ES-MaACL
005 20250814033433.0
007 t|
008 030814s1960 sp ||||1| spa d
100 1 _aD'Ancona, Humberto.
_942347
245 1 0 _aTratado de zoología /
_cHumberto D'Ancona ; traducción de E. Gadea, F. García del Cid, R. Margalef ; dirección F. García del Cid.
260 _aBarcelona :
_bLabor,
_c1960.
300 _a2 v. :
_bil. ;
_c25 cm.
505 8 _aContiene: 1. Zoología general (XV, 428 p.) -- 2. Zoología especial (XV, p. 429-1054)
650 7 _aZoología
_2embne
_917868
700 0 _aGadea, Enrique.
_953188
700 1 _aGarcía del Cid, F.
_954508
700 1 _aMargalef, Ramón,
_d1919-2004
_976608
852 _aES-MaACL
_jC-17397-8
_bR.45047
999 _c51653
_d51653